000 00571nam a2200157Ia 4500
008 210716s2007 xx 000 0 und d
020 _a9781902505589
041 _aeng
082 _a005.3068 HUGB
100 _aHughes, Bob; Ireland, Roger; West, Brian.
245 _aProject management for it related projects: textbook for the iseb foundation certificate in is project management.
_bTextbook for the iseb foundation certificate in is project management.
250 _a1
260 _aNew Delhi
_bViva Books
_c2007
300 _ax,130
650 _aProject Management
999 _c194335
_d194335